000 00570nam a2200157 a 4500
001 000040082
005 20201002033915.0
008 130806s2004 ve 000 0 spa d
040 _aDO-SdBNP
_bspa
_cBNPHU
100 1 _aGurvitch, Georges
_961543
245 1 0 _aDialectica y sociología /
_cGeorges Gurvitch ; traducción Joaquín González.
260 _aVenezuela :
_bUniversidad Central de Venezuela,
_c190?--.
300 _a426 p. ;
_c23 cm.-.
500 _aIncluye referencias bibliográficas y notas al pie de las páginas
700 1 _aGonzález, Joaquín
_etr.
_966341
999 _c39572
_d39572